LEADER 01111cam0-2200361---450- 001 990000956970403321 005 20160120123638.0 035 $a000095697 035 $aFED01000095697 035 $a(Aleph)000095697FED01 035 $a000095697 100 $a20001205d1975----km-y0itay50------ba 101 0 $aita 102 $aIT 105 $aa---a---001yy 200 1 $a<>spirale delle alte energie$easpetti politici e logica di sviluppo della fisica delle particelle elementari$fAngelo Baracca, Silvio Bergia 210 $aMilano$cBompiani$d1975 215 $a310 p.$cill.$d22 cm 225 1 $aStudi Bompiani$i<>scienza critica$v11 610 0 $aParticelle elementari 676 $a539.721$v18$zita 700 1$aBaracca,$bAngelo$044102 701 1$aBergia,$bSilvio$f<1935- >$042783 801 0$aIT$bUNINA$gREICAT$2UNIMARC 901 $aBK 912 $a990000956970403321 952 $a1E-055.001$b14472$fFI1 952 $a1E-055$b10111$fFI1 952 $a1E-055.002$bF.D. 276$fFI1 959 $aFI1 959 $aDRCN 996 $aSpirale delle alte energie$9357833 997 $aUNINA LEADER 01125cam0-2200373---450- 001 990008505390403321 005 20121121093455.0 010 $a88-8334-139-2 035 $a000850539 035 $aFED01000850539 035 $a(Aleph)000850539FED01 035 $a000850539 100 $a20070502d2004----km-y0itay50------ba 101 1 $aita 102 $aIT 105 $aa-------001yy 200 1 $a<>salterio a dieci corde$fGioacchino da Fiore 210 $aRoma$cViella$d2004 215 $aCIV, 197 p., [8] c. di tav.$d24 cm 225 1 $aOpere di Gioacchino da Fiore$v16 300 $aTrad. di Fabio Troncarelli, rev. di Kurt-Victor Selge 454 0$12001$aPsalterium decem chordarum$945711 610 0 $aTeologia 676 $a231.044$v21$zita 700 1$aIoachim de Flore$f$0389070 702 1$aTroncarelli,$bFabio$f<1948- > 702 1$aSelge,$bKurt-Victor 801 0$aIT$bUNINA$gREICAT$2UNIMARC 901 $aBK 912 $a990008505390403321 952 $a231.044 GIO 1$bBibl.55329$fFLFBC 959 $aFLFBC 996 $aPsalterium decem chordarum$945711 997 $aUNINA